[Event "Praia do Morro Guarapari op"]
[Site "Praia do Morro"]
[Date "2017.04.14"]
[Round "2"]
[White "Proudian, Armen"]
[Black "Silveira, Rogerio Zanon"]
[Result "1-0"]
[WhiteElo "2437"]
[BlackElo "2006"]
[PlyCount "111"]
[EventDate "2017.04.14"]
[EventType "swiss"]
[EventRounds "6"]
[EventCountry "BRA"]
[SourceTitle "CBM 177 Extra"]
[Source "ChessBase"]
[SourceDate "2017.04.27"]
[SourceVersion "1"]
[SourceVersionDate "2017.04.27"]
[SourceQuality "1"]

1. e4 e5 2. Nf3 Nc6 3. Bb5 Nf6 4. d3 Bc5 5. 0-0 d6 6. c3 a6 7. Ba4 b5 8. Bc2 h6 9. a4 Bg4 10. Nbd2 0-0 11. Re1 Re8 12. h3 Bd7 13. Nf1 d5 14. exd5 Nxd5 15. Ng3 Nf6 16. Qe2 Rb8 17. axb5 axb5 18. Ne4 Bf8 19. Be3 Nxe4 20. dxe4 b4 21. Red1 bxc3 22. bxc3 Bd6 23. Nd2 Re6 24. Nc4 Qh4 25. Qg4 Qe7 26. Qh5 Be8 27. Nxd6 Rxd6 28. Rdb1 Rxb1+ 29. Rxb1 Qd8 30. Qe2 Qa8 31. Qc4 Rd8 32. Kh2 Rb8 33. Rxb8 Qxb8 34. Qc5 Qd8 35. Ba4 Qd6 36. Qd5 Bd7 37. Bc5 Qxd5 38. exd5 Nb8 39. Bb3 Bb5 40. c4 Ba6 41. Be7 Bc8 42. c5 c6 43. Bd6 Na6 44. dxc6 Nb4 45. c7 e4 46. g4 g5 47. Kg3 Kg7 48. f4 exf3 49. Kxf3 f5 50. Ba4 fxg4+ 51. hxg4 Kf7 52. c6 Ke6 53. Bxb4 Kd5 54. Bf8 Kc4 55. Bc2 Kb5 56. Bf5 1-0

[Event "Serra IRT 4th"]
[Site "Serra"]
[Date "2014.08.29"]
[Round "18"]
[White "Torrezani, Eduardo de Moraes"]
[Black "Silveira, Rogerio Zanon"]
[Result "1/2-1/2"]
[WhiteElo "1936"]
[BlackElo "2019"]
[PlyCount "31"]
[EventDate "2014.08.23"]
[EventType "tourn"]
[EventRounds "18"]
[EventCountry "BRA"]
[SourceTitle "EXT 2018"]
[Source "ChessBase"]
[SourceDate "2017.10.13"]
[SourceVersion "1"]
[SourceVersionDate "2017.10.13"]
[SourceQuality "1"]

1. e4 e5 2. Nf3 Nf6 3. Nc3 Nc6 4. Bc4 Bc5 5. 0-0 0-0 6. d3 d6 7. Be3 Bxe3 8. fxe3 Be6 9. Bxe6 fxe6 10. Qd2 a6 11. Qf2 Ng4 12. Qd2 Nf6 13. d4 h6 14. d5 exd5 15. exd5 Ne7 16. e4 1/2-1/2

[Event "Serra IRT 4th"]
[Site "Serra"]
[Date "2014.08.29"]
[Round "16"]
[White "Vieira, Paulo Cesar"]
[Black "Silveira, Rogerio Zanon"]
[Result "1/2-1/2"]
[WhiteElo "1863"]
[BlackElo "2019"]
[PlyCount "26"]
[EventDate "2014.08.23"]
[EventType "tourn"]
[EventRounds "18"]
[EventCountry "BRA"]
[SourceTitle "EXT 2018"]
[Source "ChessBase"]
[SourceDate "2017.10.13"]
[SourceVersion "1"]
[SourceVersionDate "2017.10.13"]
[SourceQuality "1"]

1. Nf3 d5 2. g3 Nc6 3. Bg2 e5 4. d3 Nf6 5. Nbd2 Be7 6. 0-0 0-0 7. e4 dxe4 8. Nxe4 Nxe4 9. dxe4 Qxd1 10. Rxd1 Be6 11. Be3 Rfd8 12. a3 Rxd1+ 13. Rxd1 Rd8 1/2-1/2

[Event "Serra IRT 4th"]
[Site "Serra"]
[Date "2014.08.27"]
[Round "11"]
[White "Silveira, Rogerio Zanon"]
[Black "Bonfim, Hudson Soares Do"]
[Result "1-0"]
[WhiteElo "2019"]
[BlackElo "1937"]
[PlyCount "79"]
[EventDate "2014.08.23"]
[EventType "tourn"]
[EventRounds "18"]
[EventCountry "BRA"]
[SourceTitle "EXT 2018"]
[Source "ChessBase"]
[SourceDate "2017.10.13"]
[SourceVersion "1"]
[SourceVersionDate "2017.10.13"]
[SourceQuality "1"]

1. e4 d6 2. d4 g6 3. c4 Bg7 4. Nf3 Nf6 5. Nc3 0-0 6. Be2 Nbd7 7. 0-0 e5 8. dxe5 dxe5 9. Qc2 c6 10. h3 Qc7 11. Be3 Re8 12. Rfd1 b6 13. Rd2 Bf8 14. Rad1 Nc5 15. b4 Ne6 16. Qb2 Bb7 17. Ng5 Rad8 18. Nxe6 Rxd2 19. Qxd2 Rxe6 20. c5 b5 21. Bg5 Be7 22. a4 bxa4 23. Bc4 Bc8 24. Bxe6 Bxe6 25. Bxf6 Bxf6 26. Nxa4 Bb3 27. Ra1 Qb7 28. Nb2 Kg7 29. Qc3 Be6 30. Nc4 Qb5 31. Nd6 Qb8 32. Ra6 Bd7 33. Qa3 Be7 34. Rxa7 Bxd6 35. Rxd7 Bxc5 36. bxc5 Qb1+ 37. Kh2 Qxe4 38. Qf3 Qc4 39. Rc7 e4 40. Qf4 1-0

[Event "Serra IRT 4th"]
[Site "Serra"]
[Date "2014.08.23"]
[Round "2"]
[White "Bonfim, Hudson Soares Do"]
[Black "Silveira, Rogerio Zanon"]
[Result "1/2-1/2"]
[WhiteElo "1937"]
[BlackElo "2019"]
[PlyCount "76"]
[EventDate "2014.08.23"]
[EventType "tourn"]
[EventRounds "18"]
[EventCountry "BRA"]
[SourceTitle "EXT 2018"]
[Source "ChessBase"]
[SourceDate "2017.10.13"]
[SourceVersion "1"]
[SourceVersionDate "2017.10.13"]
[SourceQuality "1"]

1. Nf3 d5 2. d4 e6 3. e3 c5 4. c3 Nf6 5. Bd3 Nc6 6. 0-0 Be7 7. Nbd2 0-0 8. Re1 Qc7 9. e4 dxe4 10. Nxe4 cxd4 11. Nxf6+ Bxf6 12. Bg5 Qd8 13. Bxf6 Qxf6 14. Nxd4 Nxd4 15. cxd4 Rd8 16. Re4 b6 17. Rc1 Bb7 18. Re5 Rac8 19. Rc3 Rxc3 20. bxc3 h6 21. Qa4 a6 22. Qb4 b5 23. a4 Bc6 24. axb5 axb5 25. Bxb5 Ra8 26. Qb1 Bxb5 27. Rxb5 Qf4 28. h3 Qd2 29. Rb8+ Rxb8 30. Qxb8+ Kh7 31. Qg3 Qe2 32. Qe3 Qc4 33. Qc1 g6 34. Qb2 Kg7 35. Qb4 Qe2 36. c4 Qd1+ 37. Kh2 Qxd4 38. Kg1 h5 1/2-1/2

[Event "Serra IRT 4th"]
[Site "Serra"]
[Date "2014.08.23"]
[Round "1"]
[White "Silveira, Rogerio Zanon"]
[Black "Alves, Alessandro Cunha"]
[Result "1-0"]
[WhiteElo "2019"]
[BlackElo "1812"]
[PlyCount "117"]
[EventDate "2014.08.23"]
[EventType "tourn"]
[EventRounds "18"]
[EventCountry "BRA"]
[SourceTitle "EXT 2018"]
[Source "ChessBase"]
[SourceDate "2017.10.13"]
[SourceVersion "1"]
[SourceVersionDate "2017.10.13"]
[SourceQuality "1"]

1. c4 Nf6 2. Nc3 g6 3. d4 Bg7 4. e4 d6 5. Nf3 0-0 6. Be2 c5 7. d5 e6 8. 0-0 exd5 9. exd5 Re8 10. h3 a6 11. Bf4 Nh5 12. Bh2 b6 13. Qd2 Ra7 14. Rfe1 Rae7 15. Bd3 Rxe1+ 16. Rxe1 Rxe1+ 17. Qxe1 Bf8 18. Ne4 Bf5 19. Qe3 Bxe4 20. Qxe4 Nf6 21. Qe3 Qe8 22. Qxe8 Nxe8 23. Kf1 Nd7 24. Ke2 f6 25. Nd2 Ne5 26. Bc2 Bh6 27. f4 Nf7 28. g4 Bg7 29. Ba4 Kf8 30. Bxe8 Kxe8 31. b3 f5 32. Kf3 Ke7 33. Bg3 h6 34. Nf1 h5 35. gxh5 gxh5 36. Be1 Kf6 37. Bh4+ Kg6 38. Ng3 Bc3 39. Be7 Bg7 40. Ne2 Bb2 41. Ke3 Bg7 42. Kd3 Bb2 43. Ng1 Bc1 44. Nf3 Bxf4 45. Nh4+ Kh7 46. Nxf5 Kg6 47. Ke4 Be5 48. Nh4+ Kh7 49. Kf5 b5 50. Ke6 Kg8 51. Nf5 Bf4 52. Nxd6 Ng5+ 53. Bxg5 Bxg5 54. cxb5 axb5 55. Nxb5 Kf8 56. d6 Ke8 57. d7+ Kd8 58. a4 Bd2 59. Nd6 1-0

[Event "Serra IRT 3rd"]
[Site "Serra"]
[Date "2013.12.06"]
[Round "3.1"]
[White "Silveira, Rogerio Zanon"]
[Black "Alves, Alessandro Cunha"]
[Result "1/2-1/2"]
[WhiteElo "2040"]
[BlackElo "1833"]
[PlyCount "39"]
[EventDate "2013.12.05"]
[EventType "tourn"]
[EventRounds "10"]
[EventCountry "BRA"]
[SourceTitle "EXT 2022"]
[Source "ChessBase"]
[SourceDate "2021.10.06"]
[SourceVersion "1"]
[SourceVersionDate "2021.10.06"]
[SourceQuality "1"]

1. e4 e5 2. Nf3 Nc6 3. Bb5 a6 4. Ba4 Nf6 5. 0-0 b5 6. Bb3 Bb7 7. Re1 Bc5 8. c3 0-0 9. d4 exd4 10. cxd4 Bb4 11. Bd2 Bxd2 12. Nbxd2 Nb4 13. Qb1 a5 14. e5 Nfd5 15. a4 bxa4 16. Bxa4 d6 17. Bb5 dxe5 18. dxe5 Nf4 19. Bc4 h6 20. Re3 1/2-1/2

[Event "Serra IRT 2nd"]
[Site "Serra"]
[Date "2013.09.19"]
[Round "8.1"]
[White "Torrezani, Eduardo de Moraes"]
[Black "Silveira, Rogerio Zanon"]
[Result "1-0"]
[WhiteElo "2007"]
[BlackElo "2080"]
[PlyCount "44"]
[EventDate "2013.09.16"]
[EventType "tourn"]
[EventRounds "10"]
[EventCountry "BRA"]
[SourceTitle "EXT 2022"]
[Source "ChessBase"]
[SourceDate "2021.10.06"]
[SourceVersion "1"]
[SourceVersionDate "2021.10.06"]
[SourceQuality "1"]

1. e4 e5 2. Nf3 Nc6 3. d3 d6 4. Be2 Nf6 5. Nc3 Be7 6. 0-0 0-0 7. h3 h6 8. Be3 Be6 9. a3 a6 10. b4 Nd7 11. Qd2 Re8 12. Rad1 b5 13. a4 Qb8 14. Nd5 Bd8 15. c4 bxa4 16. Ra1 Nf6 17. Nxf6+ Bxf6 18. c5 Bb3 19. d4 exd4 20. Nxd4 Bxd4 21. Bxd4 Nxd4 22. Qxd4 Re6 1-0

[Event "Serra IRT 2nd"]
[Site "Serra"]
[Date "2013.09.16"]
[Round "1.1"]
[White "Silveira, Rogerio Zanon"]
[Black "Vieira, Paulo Cesar"]
[Result "1-0"]
[WhiteElo "2080"]
[BlackElo "1888"]
[PlyCount "87"]
[EventDate "2013.09.16"]
[EventType "tourn"]
[EventRounds "10"]
[EventCountry "BRA"]
[SourceTitle "EXT 2022"]
[Source "ChessBase"]
[SourceDate "2021.10.06"]
[SourceVersion "1"]
[SourceVersionDate "2021.10.06"]
[SourceQuality "1"]

1. e4 g6 2. d4 Bg7 3. c4 d6 4. Nf3 Nf6 5. Nc3 0-0 6. Be2 e5 7. dxe5 dxe5 8. Qxd8 Rxd8 9. Bg5 Nbd7 10. Rd1 Rf8 11. 0-0 c6 12. Bd3 Re8 13. h3 h6 14. Be3 a6 15. a4 Bf8 16. Rfe1 Kg7 17. Bc2 Bb4 18. Bd2 Nh5 19. Ne2 Be7 20. b4 b6 21. Bc3 c5 22. b5 Bf8 23. Rd2 Nhf6 24. Red1 axb5 25. axb5 Ra2 26. Nc1 Ra7 27. Nh2 g5 28. Nf1 Nh5 29. g3 Ndf6 30. Kg2 Be6 31. Ne3 Nd7 32. Nd3 f6 33. g4 Nf4+ 34. Nxf4 exf4 35. Nd5 Rb7 36. Ra1 Ne5 37. Bxe5 fxe5 38. Ra6 Reb8 39. Rd1 Kf7 40. Rda1 Bd6 41. Ra7 Bc8 42. Nxb6 Rxa7 43. Rxa7+ Rb7 44. Nxc8 1-0

[Event "Vitoria Cup"]
[Site "Vitoria"]
[Date "2013.05.31"]
[Round "3"]
[White "Silveira, Rogerio Zanon"]
[Black "Peixoto, Helio Ricardo Souti"]
[Result "0-1"]
[WhiteElo "2077"]
[BlackElo "1831"]
[PlyCount "106"]
[EventDate "2013.05.30"]
[EventType "swiss"]
[EventRounds "7"]
[EventCountry "BRA"]
[SourceTitle "CBM 154 Extra"]
[Source "ChessBase"]
[SourceDate "2013.06.25"]
[SourceVersion "2"]
[SourceVersionDate "2013.06.25"]
[SourceQuality "1"]

1. c4 Nf6 2. Nc3 g6 3. d4 c5 4. d5 d6 5. e4 Bg7 6. Nf3 b5 7. cxb5 a6 8. Qc2 0-0 9. Be2 axb5 10. Nxb5 Na6 11. Bd2 Bd7 12. 0-0 Qb6 13. a4 Nc7 14. a5 Qb7 15. Nxc7 Qxc7 16. Ra2 Qb8 17. Bc3 Bb5 18. Rfa1 Ba6 19. Bd3 e6 20. Bxa6 Rxa6 21. dxe6 fxe6 22. e5 Nd5 23. exd6 Qxd6 24. Bxg7 Kxg7 25. Ra3 Rf5 26. Re1 g5 27. Qe4 h5 28. Ne5 Ra7 29. Nc4 Qf8 30. f3 Nf4 31. Qc6 Qd8 32. Nd6 Rd5 33. Ne4 Rxa5 34. Rb3 Rd1 35. Rbe3 Raa1 36. Kf1 Qd4 37. Qb7+ Kg6 38. Qb3 Rxe1+ 39. Rxe1 Rxe1+ 40. Kxe1 Qg1+ 41. Kd2 Qxg2+ 42. Kc1 Qh1+ 43. Kc2 Qxh2+ 44. Kb1 Qg1+ 45. Ka2 Nd5 46. Qc4 Qd4 47. Qc1 Qe3 48. Qxc5 Qxc5 49. Nxc5 h4 50. Ne4 Kf5 51. Ka3 Kf4 52. b4 h3 53. b5 h2 0-1

[Event "BRA-ch sf-A"]
[Site "Guarapari"]
[Date "2012.11.04"]
[Round "7"]
[White "Rezende, Guilherme Vilela"]
[Black "Silveira, Rogerio Zanon"]
[Result "1-0"]
[WhiteElo "2019"]
[BlackElo "2094"]
[PlyCount "117"]
[EventDate "2012.11.01"]
[EventType "swiss"]
[EventRounds "7"]
[EventCountry "BRA"]
[SourceTitle "EXT 2013"]
[Source "ChessBase"]
[SourceDate "2012.11.22"]
[SourceVersion "1"]
[SourceVersionDate "2012.11.22"]
[SourceQuality "1"]

1. c4 c5 2. Nf3 Nf6 3. b3 Nc6 4. Bb2 d6 5. d4 cxd4 6. Nxd4 e6 7. g3 Nxd4 8. Qxd4 d5 9. Nc3 Bb4 10. Bg2 0-0 11. 0-0 dxc4 12. Qxc4 Bxc3 13. Bxc3 e5 14. Bxe5 Be6 15. Qb5 Rc8 16. Rfd1 Qb6 17. Qxb6 axb6 18. Bxf6 gxf6 19. Rac1 Rxc1 20. Rxc1 Rd8 21. Kf1 Rd2 22. Ra1 Bg4 23. f3 Bd7 24. Ke1 Rc2 25. Rd1 Bc6 26. Rd2 Rc1+ 27. Kf2 Ra1 28. f4 Kg7 29. Rc2 Bxg2 30. Kxg2 Kg6 31. e4 Re1 32. Kf3 h5 33. Re2 Ra1 34. Ke3 h4 35. Kd3 hxg3 36. hxg3 Rg1 37. Re3 Ra1 38. a4 Rc1 39. Kd4 Kh5 40. Rd3 Kg4 41. e5 Kf5 42. exf6 Kxf6 43. Rc3 Rd1+ 44. Rd3 Rc1 45. Ke4 Ke6 46. g4 Re1+ 47. Re3 Rg1 48. Kf3+ Kd6 49. Re5 Rf1+ 50. Ke4 Rc1 51. Kf5 Rc3 52. Rb5 Kc6 53. Kf6 Rf3 54. f5 Rf4 55. g5 Rg4 56. g6 fxg6 57. fxg6 Rd4 58. Re5 Kd7 59. g7 1-0

[Event "BRA-ch sf-A"]
[Site "Guarapari"]
[Date "2012.11.03"]
[Round "6"]
[White "Silveira, Rogerio Zanon"]
[Black "Carvalho, Welliton"]
[Result "1-0"]
[WhiteElo "2094"]
[BlackElo "1760"]
[PlyCount "83"]
[EventDate "2012.11.01"]
[EventType "swiss"]
[EventRounds "7"]
[EventCountry "BRA"]
[SourceTitle "EXT 2013"]
[Source "ChessBase"]
[SourceDate "2012.11.22"]
[SourceVersion "1"]
[SourceVersionDate "2012.11.22"]
[SourceQuality "1"]

1. e4 e5 2. Nf3 Nc6 3. Bb5 a6 4. Bxc6 dxc6 5. h3 Bd6 6. 0-0 Be6 7. Nc3 Qd7 8. Ng5 h6 9. Nxe6 Qxe6 10. d4 exd4 11. Qxd4 Qe5 12. Qxe5+ Bxe5 13. Ne2 0-0-0 14. f4 Bd4+ 15. Nxd4 Rxd4 16. e5 Ne7 17. Be3 Rd7 18. Rad1 Nd5 19. Kf2 Rhd8 20. Ke2 Nxe3 21. Rxd7 Nxf1 22. Rxd8+ Kxd8 23. Kxf1 Ke7 24. Kf2 f6 25. exf6+ Kxf6 26. g4 c5 27. Kf3 c6 28. Ke4 b5 29. h4 a5 30. a3 a4 31. c3 Ke6 32. f5+ Kd6 33. g5 hxg5 34. hxg5 c4 35. Kd4 c5+ 36. Ke4 b4 37. Kf4 Kd5 38. f6 Ke6 39. fxg7 Kf7 40. Ke5 Kxg7 41. Kd5 bxa3 42. bxa3 1-0

[Event "BRA-ch sf-A"]
[Site "Guarapari"]
[Date "2012.11.02"]
[Round "4"]
[White "Silveira, Rogerio Zanon"]
[Black "Aranha Filho, Alvaro Zimmermann"]
[Result "0-1"]
[WhiteElo "2094"]
[BlackElo "2280"]
[PlyCount "92"]
[EventDate "2012.11.01"]
[EventType "swiss"]
[EventRounds "7"]
[EventCountry "BRA"]
[SourceTitle "EXT 2013"]
[Source "ChessBase"]
[SourceDate "2012.11.22"]
[SourceVersion "1"]
[SourceVersionDate "2012.11.22"]
[SourceQuality "1"]

1. c4 c6 2. Nf3 d5 3. e3 Nf6 4. Nc3 Bg4 5. cxd5 Bxf3 6. Qxf3 cxd5 7. Bb5+ Nc6 8. d4 Rc8 9. 0-0 e6 10. Rd1 Bb4 11. Bd2 Bxc3 12. Bxc3 0-0 13. Bd3 Qd6 14. Rac1 Rfd8 15. g4 Ne8 16. Qh3 g6 17. f4 f5 18. Kh1 Nf6 19. gxf5 exf5 20. Rg1 Kh8 21. Rxg6 Ne7 22. Rg5 Ne4 23. Bxe4 fxe4 24. Rcg1 Rg8 25. Rxg8+ Rxg8 26. Rxg8+ Kxg8 27. Qh5 Qg6 28. Qxg6+ hxg6 29. Kg2 Kg7 30. Kf2 Kh6 31. Bb4 Nf5 32. Bc5 b6 33. Bb4 Kh5 34. Bd2 Kh4 35. a4 a6 36. Bb4 Kh3 37. a5 b5 38. Bc5 Kxh2 39. Bb6 Ng3 40. Bc7 Nh1+ 41. Ke2 Kg2 42. Bd8 Ng3+ 43. Ke1 Kf3 44. Bg5 Nf5 45. Bf6 Kxe3 46. Be5 Nxd4 0-1

[Event "Bom Jesus do Norte op 3rd"]
[Site "Bom Jesus do Norte"]
[Date "2010.05.02"]
[Round "5.7"]
[White "Teixeira, Thiago Santos"]
[Black "Silveira, Rogerio Zanon"]
[Result "1/2-1/2"]
[WhiteElo "1886"]
[BlackElo "2091"]
[PlyCount "33"]
[EventDate "2010.04.30"]
[EventType "swiss"]
[EventRounds "5"]
[EventCountry "BRA"]
[SourceTitle "EXT 2022"]
[Source "ChessBase"]
[SourceDate "2021.10.06"]
[SourceVersion "1"]
[SourceVersionDate "2021.10.06"]
[SourceQuality "1"]

1. d4 Nf6 2. e3 d5 3. f4 e6 4. Bd3 c5 5. c3 Nc6 6. Nf3 cxd4 7. exd4 Ne4 8. 0-0 f5 9. Ne5 Nxe5 10. fxe5 Be7 11. Qh5+ g6 12. Qh6 Bf8 13. Qh3 Ng5 14. Bb5+ Bd7 15. Bxd7+ Kxd7 16. Qd3 a6 17. c4 1/2-1/2

[Event "Vitoria ECXA 2nd"]
[Site "Vitoria"]
[Date "2009.08.06"]
[Round "9.2"]
[White "Silveira, Rogerio Zanon"]
[Black "Cantarino Neto, Mario Ribeiro"]
[Result "1/2-1/2"]
[WhiteElo "2151"]
[BlackElo "2143"]
[PlyCount "22"]
[EventDate "2009.07.07"]
[EventType "tourn"]
[EventRounds "9"]
[EventCountry "BRA"]
[SourceTitle "EXT 2022"]
[Source "ChessBase"]
[SourceDate "2021.10.06"]
[SourceVersion "1"]
[SourceVersionDate "2021.10.06"]
[SourceQuality "1"]

1. e4 c5 2. Nf3 d6 3. Bb5+ Bd7 4. Bxd7+ Qxd7 5. 0-0 Nf6 6. d3 e6 7. Bg5 Be7 8. Nc3 Nc6 9. Qd2 0-0 10. Rad1 Ng4 11. Bxe7 Qxe7 1/2-1/2